Responses for Show #5522 - Tuesday, September 16, 2008

2008 Kids Week Reunion game 2.

Contestants

[<< previous game]

Joel Serna, originally from Fort Worth, Texas

Yoni Freund, a Ph.D. student from Columbia University

Allex Fambles, a sophomore from Brown University

[next game >>]

Jeopardy! Round responses

MY, HOW YOU'VE GROWN!
MUSICAL ADJECTIVES
LITERARY HODGEPODGE
LEARN TO COOK
THE DISAPPOINTING 21st CENTURY
REMEMBER "Y" 2 "K"
(Alex: Each correct response will have one "Y" and at least two "K"s in it.)
    $200 8
an anteater

Joel
    $200 11
beautiful

Joel
    $200 4
a nightingale

Joel
    $200 1
an herb

Allex
    $200 27
a microwave

Yoni
    $200 20
a kayak

Joel
    $400 9
squid

Joel
    $400 15
"Bubbly"

Allex
    $400 6
Alice in Wonderland

Joel
    $400 2
(Alex: [*], yes, and I still get it sticky.)

rice

Joel
    $400 21
Kentucky

Yoni
    $600 10
a panda

Allex
    $600 16
numb

Joel
    $2,200 13
(Alex: Whatcha gonna do, Yoni?)
(Yoni: [Nods] Daily Double.)
(Alex: Daily--Well, it is a Daily Double. You want--)
(Yoni: Oh! Yeah. You know. All of it.)
(Alex: You--all of it?)
(Yoni: Yeah, all of it.)

Wicked

Yoni
    $600 3
corn

Yoni
    $600 23
domed

Triple Stumper
    $600 26
kinky

Allex
    $800 12
salamander

Yoni
    $800 18
Tainted

Joel
    $800 14
New Hampshire

Joel
    $800 5
avocado

Yoni
    $800 25
Tchaikovsky

Allex
    $1000 17
a buffalo

Joel
    $1000 19
"Unwritten"

Allex
    $1000 22
Materials

Allex
    $1000 7
a potato

Joel
    $1000 28
(Yoni: What is a synthesizer?)
(Allex: What is an organ?)
[The end-of-round signal sounds.]

a theremin

AllexYoni
Triple Stumper
    $1000 24
keystroke

Joel

Scores at the first commercial break (after clue 14):

Allex Yoni Joel
$800 $4,400 $3,600

Scores at the end of the Jeopardy! Round:

Allex Yoni Joel
$3,600 $4,000 $7,200

Double Jeopardy! Round responses

BIBLE PEOPLE
ONE-WORD MOVIES
CHINA & INDIA
NOT TO BE CONFUSED
GEOMETRY
THERE'S A WORD FOR THAT
    $400 13
Cain

Yoni
    $400 8
Enchanted

Allex
    $400 19
rupees

Joel
    $400 18
butter

Yoni
    $400 6
radius

Allex
    $400 1
dimples

Allex
    $800 14
Moses

Joel
    $800 9
Beowulf

Allex
    $800 20
The Sopranos

Allex
    $800 7
a protractor

Yoni
    $800 2
lingual

Allex
    $1200 15
the Philistines

Joel
    $1200 10
Seabiscuit

Yoni
    $1200 27
the Untouchables

Joel
    $1200 21
genius & genus

Joel
    $5,000 28
[The end-of-round signal sounds.]

78 degrees

Joel
    $1200 3
a pig

Joel
    $4,000 16
Saul

Joel
    $1600 11
Hitman

Triple Stumper
    $1600 25
Punjabi

Triple Stumper
    $1600 22
Kaddish

Yoni
    $1600 4
your father

Triple Stumper
    $2000 17
(Yoni: Who is Daniel?)

Balaam

Yoni
Triple Stumper
    $2000 12
Contact

Yoni
    $2000 24
(Joel: What is a wall?)
(Alex: Be more specific.)
(Joel: Um... information wall?)
(Alex: Nope!)

firewall

YoniJoel
    $2000 23
kirigami

Triple Stumper
    $2000 26
circumscribed

Triple Stumper
    $2000 5
Machiavellian

Joel

Scores at the end of the Double Jeopardy! Round:

Allex Yoni Joel
$7,200 $10,400 $22,200
(lock game)

[wagering suggestions for these scores]

Final Jeopardy! Round responses

PRESIDENTIAL LASTS
AllexWho is Reagan
$6,801
YoniWho is George Bush Sr.
$4,001
JoelWho is Ford?
$0
George H.W. Bush

Final scores:

Allex Yoni Joel
$399 $14,401 $22,200
3rd place: $2,500 2nd place: $5,000 Winner: $25,000

Game dynamics:

Coryat scores:

Allex Yoni Joel
$7,200 $8,800 $16,000
13 R,
1 W
13 R
(including 1 DD),
2 W
22 R
(including 2 DDs),
1 W

Combined Coryat: $32,000

[game clues] [game scores] [suggest correction]

Game tape date: 2008-08-12
The J! Archive is created by fans, for fans. Scraping, republication, monetization, and malicious use prohibited; this site may use cookies and collect identifying information. See terms. The Jeopardy! game show and all elements thereof, including but not limited to copyright and trademark thereto, are the property of Jeopardy Productions, Inc. and are protected under law. This website is not affiliated with, sponsored by, or operated by Jeopardy Productions, Inc. Join the discussion at JBoard.tv.